000 00313nam a22001337a 4500
008 170710b xxu||||| |||| 00| 0 eng d
020 _a9780875961637
041 _aeng
080 _a030
100 _a23
101 _aENC
245 _aTHE PRACTICAL ENCYCLOPEDIA OF SEX AND HEALTH
_cBECHTEL,S
942 _2udc
_cBK
999 _c20167
_d20167